Statistics for Countries starting with L

Click here to take the quiz!

General Stats

  • This quiz has been taken 39 times
  • The average score is 8 of 9

Answer Stats

Countries starting with L% Correct
Latvia
89%
Lithuania
89%
Luxembourg
89%
Laos
87%
Libya
84%
Liberia
82%
Liechtenstein
82%
Lesotho
79%
Lebanon
68%

Score Distribution

Percentile by Number Answered

Percent of People with Each Score

Your Score History

You have not taken this quiz